000 00566nam a22001937a 4500
005 20180719120440.0
010 _aENG-123521
020 _c60.00
_a9788192439976
035 _aEN-107053
037 _bDBAD/PUB
082 _aS
100 _aSurendran, P.
245 _aBorder /
_cby P. Surendran; tr. by Annie George
260 _aThrissur
_bH & C Publishing House
_c2012
270 _aKollam, Thiruvananthapuram, Pathanamthitta, Kottatam, Ernakulam,
_bThrissur
_e680001
300 _a73p.
_c21cm.(pbk)
700 _a George, Annie
942 _2ddc
_cEN
_hS
_mSUR
999 _c154312
_d154312